00515nam a2200205 a 4500001001300000003000900013005001700022008004100039020001200080082001500092100001900107245003100126260003200157300000900189500003500198505001000233650001600243650003100259700001900290nice12345678IN_TiNIC20260116011831.0050524s1956 enga grp 000 0 eng  ac127.400a239.8bDAR aD`Arcy, Martin aCommunism and Christianity aEnglandbPenguin Bookc1956 a191p aincludes index and biblioraphy2 aIndex aApologetics aCommunism and Christianity1 aD`Arcy, Martin